00780nam a22002177a 4500003000500000005001700005008004100022010001000063011001000073035001000083040000900093100002500102245019500127260003700322300000900359502010000368650002800468650002200496650002500518650001900543CHAP20220329135245.0971013s1983 r 00010 d a33375 a34347 a38463 cCHAP00aMaya Torres, Manuel. aDistribución e incidencia de pudriciones radiculares y otros problemas parasitológicos en nogal (Carya illinoensis, Koch) y aguacate (Persea americana, Mill) en el estado de Nuevo León aMarín, N.L. :bEl autor,c1983 a99 h aTesis (Ing. Agrónomo Parasitólogo) -- Univ. Autónoma de Nuevo León. Fac. de Agronomía14aAguacatexEnfermedades.14aAguacatexPlagas.14aNogalxEnfermedades.14aNogalxPlagas.